Nedostatkový tovar? Zamestnanci

Nedostatok kvalitných zamestnancov v obchode. Príčiny a následky takéhoto stavu na pracovisku. Snaha zamestnávateľov o získavanie zamestnancov prostredníctvom zvyšovania platov, benefitov a duálneho vzdelávania. Zamestnávanie cudzincov ako riešenie problému nedostatku zamestnancov.

Salvato in:
Dettagli Bibliografici
Autore principale: Kapitánová, Tatiana
Natura: Capitolo di libro
Lingua:slovacco
Soggetti:
Tags: Aggiungi Tag
Nessun Tag, puoi essere il primo ad aggiungerne!!

MARC

LEADER 00000naa a2200000 4500
001 0245606
005 20200305093413.8
041 0 |a slo 
044 |a CZ 
245 1 0 |a Nedostatkový tovar? Zamestnanci  |c Tatiana Kapitánová 
520 |a Nedostatok kvalitných zamestnancov v obchode. Príčiny a následky takéhoto stavu na pracovisku. Snaha zamestnávateľov o získavanie zamestnancov prostredníctvom zvyšovania platov, benefitov a duálneho vzdelávania. Zamestnávanie cudzincov ako riešenie problému nedostatku zamestnancov. 
610 2 0 |a trh práce 
610 2 0 |a sily pracovné 
610 2 0 |a nábor pracovníkov 
610 2 0 |a potraviny 
610 2 0 |a reťazce obchodné 
100 1 |a Kapitánová, Tatiana